[Event "ch-ISR 2013"]
[Site "Acre ISR"]
[Date "2013.04.09"]
[Round "4.9"]
[White "Nakar, Eylon"]
[Black "Baron, Tal"]
[Result "1/2-1/2"]
[WhiteTitle "IM"]
[BlackTitle "GM"]
[WhiteElo "2389"]
[BlackElo "2473"]
[WhiteFideId "2811111"]
[BlackFideId "2809958"]
[EventDate "2013.04.06"]

1. c4 Nf6 2. g3 e5 3. Bg2 d5 4. cxd5 Nxd5 5. Nc3 Nb6 6. Nf3 Nc6 7. O-O Be7 8. a3
O-O 9. b4 Be6 10. Rb1 f6 11. d3 a5 12. b5 Nd4 13. Nd2 Qc8 14. e3 Nf5 15. Qc2 a4
16. Bb2 Rd8 17. Rfd1 Nd6 18. Bf1 Kh8 19. Ba1 Nf7 20. Qc1 Bg4 21. Re1 Ng5 22.
Nce4 Ne6 23. Bb2 Rd5 24. Nc4 Rxb5 25. d4 Bf5 26. Nc3 Bxb1 27. Nxb5 Nxc4 28. Qxc4
Be4 29. dxe5 Ng5 30. f4 Nf3+ 31. Kf2 f5 32. Qxc7 Nxe1 33. Qxe7 Qc2+ 34. Kxe1
Qb1+ 35. Kf2 Qxb2+ 36. Be2 h6 37. e6 Bd3 38. Nd4 Bxe2 39. Nxe2 Rc8 40. Qd7 Rc2
41. Qd8+ Kh7 42. Qd3 Kg6 43. e4 Rxe2+ 44. Qxe2 Qxe2+ 45. Kxe2 fxe4 46. Ke3 b5
47. Kxe4 b4 48. Kd3 b3 49. g4 Kf6 50. f5 g6 51. Kc3 gxf5 52. gxf5 Ke7 1/2-1/2

[Event "ch-ISR 2013"]
[Site "Acre ISR"]
[Date "2013.04.09"]
[Round "4.10"]
[White "Berkovich, Mark A"]
[Black "Givon, Asaf"]
[Result "1/2-1/2"]
[WhiteTitle "IM"]
[BlackTitle "FM"]
[WhiteElo "2364"]
[BlackElo "2407"]
[WhiteFideId "2801639"]
[BlackFideId "2801841"]
[EventDate "2013.04.06"]

1. d4 Nf6 2. Nf3 g6 3. g3 Bg7 4. Bg2 d5 5. O-O O-O 6. c4 c6 7. cxd5 cxd5 8. Nc3
Ne4 9. Ne5 Nxc3 10. bxc3 Nc6 11. Nxc6 bxc6 12. Qa4 Qb6 13. Ba3 Qa6 14. Qxa6 Bxa6
15. Rfb1 Rfb8 16. Bxe7 Bxe2 17. Bd6 Rb6 18. Bc5 Rxb1+ 19. Rxb1 Bf8 20. Bxf8 Kxf8
21. Bf1 Re8 22. Bxe2 Rxe2 23. Rb8+ Re8 1/2-1/2

[Event "ch-ISR 2013"]
[Site "Acre ISR"]
[Date "2013.04.09"]
[Round "4.11"]
[White "Gruenfeld, Yehuda"]
[Black "Shachar, Ehud"]
[Result "1-0"]
[WhiteTitle "GM"]
[BlackTitle "FM"]
[WhiteElo "2434"]
[BlackElo "2357"]
[WhiteFideId "2800020"]
[BlackFideId "2802198"]
[EventDate "2013.04.06"]

1. e4 e6 2. d4 d5 3. Nc3 Bb4 4. e5 Qd7 5. a3 Bxc3+ 6. bxc3 b6 7. Qg4 f5 8. Qg3
Ba6 9. Bxa6 Nxa6 10. a4 Nb8 11. Nh3 Nc6 12. Nf4 O-O-O 13. Ba3 Kb7 14. h4 Nh6 15.
Bb4 a5 16. Ba3 Rhg8 17. Kd2 Nb8 18. Rab1 Nf7 19. Qe3 Ka7 20. Rb5 Qc6 21. Rhb1
Rde8 22. Nd3 Nd8 23. Nc5 Nb7 24. Qd3 Nxc5 25. dxc5 Nd7 26. Qd4 Ka6 27. Kc1 Rc8
28. R1b3 g5 29. h5 g4 30. c4 dxc4 31. Qxc4 Ka7 32. Rc3 Nb8 33. cxb6+ cxb6 34.
Qd4 Qb7 35. Rcb3 Rc6 36. Rxb6 Rxb6 37. Rxb6 Qd5 38. Bc5 Na6 39. Qxd5 exd5 40.
Rg6+ 1-0

[Event "ch-ISR 2013"]
[Site "Acre ISR"]
[Date "2013.04.09"]
[Round "4.12"]
[White "Arlinsky, Uriel"]
[Black "Boruchovsky, Avital"]
[Result "0-1"]
[WhiteTitle "FM"]
[BlackTitle "IM"]
[WhiteElo "2318"]
[BlackElo "2445"]
[WhiteFideId "2809575"]
[BlackFideId "2800055"]
[EventDate "2013.04.06"]

1. d4 d5 2. c4 c6 3. cxd5 cxd5 4. Nc3 Nf6 5. Bf4 Nc6 6. e3 Qb6 7. Bd3 Bg4 8. f3
Bd7 9. Nge2 e6 10. g4 Be7 11. O-O Rc8 12. Rf2 h6 13. h4 Nb4 14. Bb1 g5 15. hxg5
hxg5 16. Bg3 Nc6 17. Bd3 Kf8 18. Qd2 Nb4 19. Bb1 Bb5 20. Nxb5 Qxb5 21. Nc3 Qa6
22. a3 Kg7 23. Be5 Nc6 24. Bd3 Qb6 25. Bh2 Na5 26. Raf1 Rh3 27. Rg2 Rch8 28. b4
Nc6 29. Ne2 Qd8 30. Bb1 Bd6 31. f4 Nxg4 32. Rxg4 Rxh2 33. fxg5 Rh1+ 34. Kf2
R8h2+ 35. Ke1 Rxf1+ 36. Kxf1 Qh8 37. Ke1 Rh1+ 38. Rg1 Bg3+ 39. Kd1 Rxg1+ 40.
Nxg1 Qh1 0-1

[Event "ch-ISR 2013"]
[Site "Acre ISR"]
[Date "2013.04.09"]
[Round "4.13"]
[White "Judkovsky, Yair"]
[Black "Kantsler, Boris"]
[Result "1/2-1/2"]
[BlackTitle "GM"]
[WhiteElo "2355"]
[BlackElo "2427"]
[WhiteFideId "2804930"]
[BlackFideId "2805359"]
[EventDate "2013.04.06"]

1. e4 c5 2. Nf3 e6 3. d4 cxd4 4. Nxd4 a6 5. Bd3 Bc5 6. c3 d6 7. O-O Nf6 8. Qe2
e5 9. Nc2 Bg4 10. Qe1 h6 11. Be3 Nc6 12. Nd2 O-O 1/2-1/2

[Event "ch-ISR 2013"]
[Site "Acre ISR"]
[Date "2013.04.09"]
[Round "4.14"]
[White "Steinberg, Nitzan"]
[Black "Birnboim, Nathan"]
[Result "1/2-1/2"]
[BlackTitle "IM"]
[WhiteElo "2425"]
[BlackElo "2370"]
[WhiteFideId "2801795"]
[BlackFideId "2800209"]
[EventDate "2013.04.06"]

1. e4 e6 2. d4 d5 3. Nc3 Bb4 4. e5 Ne7 5. a3 Bxc3+ 6. bxc3 b6 7. Nf3 Qd7 8. a4
Ba6 9. Bxa6 Nxa6 10. Qd3 Qc6 11. Ba3 Nb8 12. a5 Nd7 13. O-O h6 14. Nd2 h5 15.
Bxe7 Kxe7 16. f4 g6 17. c4 dxc4 18. Nxc4 Rhd8 19. Ne3 Ke8 20. Rf3 Nf8 21. Rh3
Qd7 22. Rd1 Qa4 23. g4 c5 24. c3 cxd4 25. cxd4 Rd7 26. gxh5 Rad8 27. Ng4 Rxd4
28. Nf6+ Ke7 29. Ng8+ Ke8 30. Nf6+ Ke7 31. Ng8+ Ke8 32. Nf6+ 1/2-1/2

[Event "ch-ISR 2013"]
[Site "Acre ISR"]
[Date "2013.04.10"]
[Round "5.1"]
[White "Avrukh, Boris"]
[Black "Postny, Evgeny"]
[Result "1/2-1/2"]
[WhiteTitle "GM"]
[BlackTitle "GM"]
[WhiteElo "2572"]
[BlackElo "2635"]
[WhiteFideId "2803895"]
[BlackFideId "2804344"]
[EventDate "2013.04.06"]

1. d4 d5 2. c4 c6 3. Nf3 Nf6 4. Qb3 dxc4 5. Qxc4 Bg4 6. Nbd2 Nbd7 7. g3 e6 8.
Bg2 Be7 9. O-O O-O 10. Qb3 Qb6 11. Nc4 Qa6 12. Bd2 Nb6 13. Rfc1 Nxc4 14. Rxc4
Nd7 1/2-1/2

[Event "ch-ISR 2013"]
[Site "Acre ISR"]
[Date "2013.04.10"]
[Round "5.4"]
[White "Mikhalevski, Victor"]
[Black "Golod, Vitali"]
[Result "1/2-1/2"]
[WhiteTitle "GM"]
[BlackTitle "GM"]
[WhiteElo "2530"]
[BlackElo "2573"]
[WhiteFideId "2801914"]
[BlackFideId "2804140"]
[EventDate "2013.04.06"]

1. e4 e5 2. Nf3 Nc6 3. Bb5 a6 4. Ba4 Nf6 5. O-O Be7 6. Re1 b5 7. Bb3 d6 8. c3
O-O 9. h3 Nb8 10. d4 Nbd7 11. Nbd2 Bb7 12. Bc2 Re8 13. Nf1 Bf8 14. Ng3 g6 15. a4
c5 16. d5 c4 17. Bg5 Be7 18. Bh6 Bf8 19. Bg5 Be7 20. Bh6 Bf8 21. Bg5 Be7 1/2-1/2

[Event "ch-ISR 2013"]
[Site "Acre ISR"]
[Date "2013.04.10"]
[Round "5.5"]
[White "Gofshtein, Leonid"]
[Black "Nabaty, Tamir"]
[Result "0-1"]
[WhiteTitle "GM"]
[BlackTitle "GM"]
[WhiteElo "2457"]
[BlackElo "2564"]
[WhiteFideId "2801574"]
[BlackFideId "2809052"]
[EventDate "2013.04.06"]

1. Nf3 d5 2. d4 Nf6 3. c4 dxc4 4. e3 b5 5. a4 b4 6. Bxc4 e6 7. O-O Be7 8. Qe2
Bb7 9. Nbd2 O-O 10. Rd1 c5 11. Nb3 Nbd7 12. Bd2 a5 13. Be1 Qb6 14. Bb5 Bd5 15.
Nfd2 cxd4 16. Nc4 Bxc4 17. Qxc4 Rac8 18. Qe2 d3 19. Rxd3 Nc5 20. Nxc5 Rxc5 21.
f3 Rfc8 22. Bf2 Rc1+ 23. Rd1 R1c2 24. Rd2 Rc1+ 25. Rd1 R1c2 26. Rd2 Rxd2 27.
Qxd2 Kf8 28. Re1 Bc5 29. Bc4 Rd8 30. Qc2 h6 31. Kf1 Nd5 32. Qb3 Qc7 33. g3 Qe5
34. Bxd5 Rxd5 35. Rd1 Rxd1+ 36. Qxd1 g5 37. Qd8+ Kg7 38. Qxa5 Qf5 39. Qb5 Qb1+
40. Be1 Qc1 41. Qe2 Bxe3 42. a5 Bd4 43. a6 Qa1 44. Kg2 b3 45. Bf2 Bxb2 46. a7
Bf6 47. Qe4 b2 48. Bd4 b1=Q 49. Bxf6+ Kxf6 50. Qxb1 Qxb1 51. a8=Q Qc2+ 52. Kg1
Qd1+ 53. Kg2 Qe2+ 54. Kg1 h5 55. Qa3 Kg6 56. Qb3 Qe1+ 57. Kg2 Qe2+ 58. Kg1 h4
59. gxh4 gxh4 60. Qb4 Qxf3 61. Qxh4 Qe3+ 62. Kf1 f5 63. Qh8 e5 64. Qg8+ Kh5 65.
Qh7+ Kg4 66. Qg6+ Qg5 67. Qc6 Qf4+ 68. Kg2 Qd2+ 69. Kg1 e4 70. Qg6+ Qg5 71. Qd6
Kf3+ 72. Kf1 0-1

[Event "ch-ISR 2013"]
[Site "Acre ISR"]
[Date "2013.04.10"]
[Round "5.6"]
[White "Soffer, Ram"]
[Black "Greenfeld, Alon"]
[Result "1/2-1/2"]
[WhiteTitle "GM"]
[BlackTitle "GM"]
[WhiteElo "2516"]
[BlackElo "2545"]
[WhiteFideId "2800101"]
[BlackFideId "2800039"]
[EventDate "2013.04.06"]

1. e4 c5 2. Nf3 Nc6 3. d4 cxd4 4. Nxd4 Nf6 5. Nc3 d6 6. Bg5 e6 7. Qd2 a6 8.
O-O-O Be7 9. f4 Bd7 10. Nf3 b5 11. Bxf6 gxf6 12. Kb1 Qb6 13. f5 O-O-O 14. fxe6
fxe6 15. g3 Kb8 16. Bh3 Bc8 17. Qh6 Qc5 18. Rhf1 Bf8 19. Qxf6 Rg8 20. Nd4 Bg7
21. Nxc6+ Qxc6 22. Qf3 Qc5 23. Qf2 Rgf8 24. Qxc5 dxc5 25. Rxd8 Rxd8 26. Ne2 Rd2
27. Nf4 Rxh2 28. Bxe6 Bxe6 29. Nxe6 Be5 30. Nxc5 Bxg3 31. a3 h5 32. Rf7 h4 33.
Rh7 h3 34. Nd7+ Kc8 35. Nf6 Rh1+ 36. Ka2 h2 37. Ng4 Rc1 1/2-1/2

[Event "ch-ISR 2013"]
[Site "Acre ISR"]
[Date "2013.04.10"]
[Round "5.7"]
[White "Zoler, Dan"]
[Black "Nakar, Eylon"]
[Result "1/2-1/2"]
[WhiteTitle "GM"]
[BlackTitle "IM"]
[WhiteElo "2553"]
[BlackElo "2389"]
[WhiteFideId "2800705"]
[BlackFideId "2811111"]
[EventDate "2013.04.06"]

1. Nf3 Nf6 2. c4 e6 3. b3 b6 4. g3 Bb7 5. Bg2 Be7 6. O-O O-O 7. Bb2 d5 8. d3 c5
9. e3 Nc6 10. Qe2 Nd7 11. Rd1 dxc4 12. bxc4 Bf6 13. d4 Na5 14. Na3 Qe7 15. Rac1
Rfd8 16. Ne1 Bxg2 17. Nxg2 Rac8 18. h4 Nb8 19. d5 Bxb2 20. Qxb2 Nd7 21. Nf4 Nf8
22. Nb5 Rd7 23. e4 exd5 24. exd5 Re8 25. Nc7 Qe5 26. Qxe5 Rxe5 27. Nb5 Ng6 28.
Nd3 Re4 29. Na3 Ne5 30. Nxe5 Rxe5 31. Re1 Rxe1+ 32. Rxe1 Kf8 33. Kf1 Re7 34.
Rxe7 Kxe7 35. Ke2 a6 36. Kd3 Nb7 37. Nb1 Nd6 38. a4 f5 39. Nd2 Kf6 40. Nb3 Nb7
41. f3 g5 42. hxg5+ Kxg5 43. Nc1 h5 44. Ne2 Nd6 45. Nf4 a5 46. Ne6+ Kf6 47. Nf4
Kg5 48. Ne6+ Kf6 49. Nf4 1/2-1/2

[Event "ch-ISR 2013"]
[Site "Acre ISR"]
[Date "2013.04.10"]
[Round "5.8"]
[White "Givon, Asaf"]
[Black "Popilski, Gil"]
[Result "0-1"]
[WhiteTitle "FM"]
[BlackTitle "GM"]
[WhiteElo "2407"]
[BlackElo "2523"]
[WhiteFideId "2801841"]
[BlackFideId "2809060"]
[EventDate "2013.04.06"]

1. e4 c5 2. Nf3 d6 3. d4 cxd4 4. Qxd4 Nf6 5. h3 Nc6 6. Qe3 d5 7. exd5 Nxd5 8.
Qb3 e6 9. c4 Nf6 10. Be2 Bb4+ 11. Nc3 Ne4 12. O-O Nxc3 13. bxc3 Bc5 14. Ng5 O-O
15. Rd1 Qc7 16. Ba3 Bxa3 17. Qxa3 Qf4 18. Bd3 Qxg5 19. Bxh7+ Kxh7 20. Qxf8 Qg6
21. Rd6 b6 22. Rd7 Bxd7 23. Qxa8 Ne5 24. Qd8 f6 25. Kh2 Bc6 26. f3 Bxf3 27. Qd1 0-1

[Event "ch-ISR 2013"]
[Site "Acre ISR"]
[Date "2013.04.10"]
[Round "5.9"]
[White "Baron, Tal"]
[Black "Gruenfeld, Yehuda"]
[Result "0-1"]
[WhiteTitle "GM"]
[BlackTitle "GM"]
[WhiteElo "2473"]
[BlackElo "2434"]
[WhiteFideId "2809958"]
[BlackFideId "2800020"]
[EventDate "2013.04.06"]

1. d4 Nf6 2. c4 e6 3. Nc3 Bb4 4. Bg5 h6 5. Bh4 Bxc3+ 6. bxc3 d6 7. e3 Nbd7 8.
Bd3 Qe7 9. Ne2 g5 10. Bg3 Nh5 11. O-O Ndf6 12. Qb3 O-O 13. f4 b6 14. e4 Bb7 15.
Qc2 Ng7 16. Be1 e5 17. fxg5 hxg5 18. Bd2 Nfh5 19. Rae1 Rae8 20. Qc1 Ne6 21. g3
f6 22. Be3 Qh7 23. Qb1 Kh8 24. c5 Nhf4 25. c6 Bxc6 26. d5 Nxd3 27. Qxd3 Bb7 28.
dxe6 Bxe4 29. Qd2 Qh3 30. Nc1 Bb7 31. e7 Rxe7 32. Bxg5 Ref7 33. Bh4 Kg8 34. Re2
f5 35. Qh6 f4 36. Nd3 Rh7 37. Qg5+ Rg7 38. Qh6 Qg4 39. Bf6 Rxf6 40. Qxf6 Qxe2
41. Qe6+ Rf7 42. Qe8+ Kg7 43. Nxf4 Qe3+ 44. Rf2 exf4 0-1

[Event "ch-ISR 2013"]
[Site "Acre ISR"]
[Date "2013.04.10"]
[Round "5.10"]
[White "Axelrod, Arie"]
[Black "Caspi, Israel"]
[Result "1-0"]
[WhiteTitle "FM"]
[BlackTitle "IM"]
[WhiteElo "2328"]
[BlackElo "2461"]
[WhiteFideId "2804867"]
[BlackFideId "2807394"]
[EventDate "2013.04.06"]

1. e4 e5 2. Nc3 Nf6 3. Bc4 Nc6 4. d3 Na5 5. Nge2 Nxc4 6. dxc4 d6 7. f3 c6 8. Qd3
Be6 9. Bg5 Be7 10. b3 h6 11. Bh4 Qa5 12. O-O g5 13. Be1 Qc7 14. Bf2 Nh5 15. a4
Nf4 16. Nxf4 gxf4 17. Kh1 h5 18. g3 fxg3 19. hxg3 Bc8 20. Rg1 Qd7 21. Rg2 Qe6
22. Rh2 Qf6 23. Rf1 Qg6 24. Nd1 f5 25. Ne3 fxe4 26. fxe4 O-O 27. c5 Bg4 28. Nxg4
hxg4 29. cxd6 Bxd6 30. Rd1 Rf6 31. Qc4+ Kg7 32. Bc5 Re8 33. Bxd6 Rxd6 34. Rxd6
Qxd6 35. Qe2 Qg6 36. Kg2 Rh8 37. Rh4 Rxh4 38. gxh4 Kh6 39. Kg3 Kh5 40. a5 c5 41.
c3 Qe6 42. Qd1 Kh6 43. Qxg4 Qxb3 44. Qg5+ Kh7 45. Qxe5 Qc4 46. Kf4 b6 47. axb6
axb6 48. Qc7+ Kg8 49. Qd8+ Kg7 50. Qg5+ Kh7 51. h5 Qxc3 52. Qg6+ Kh8 53. e5 Qd4+
54. Kf5 c4 55. e6 Qd5+ 56. Kf6 Qf3+ 57. Qf5 Qc3+ 58. Qe5 Qxe5+ 59. Kxe5 Kg8 60.
Kd4 1-0

[Event "ch-ISR 2013"]
[Site "Acre ISR"]
[Date "2013.04.10"]
[Round "5.11"]
[White "Boruchovsky, Avital"]
[Black "Berkovich, Mark A"]
[Result "1/2-1/2"]
[WhiteTitle "IM"]
[BlackTitle "IM"]
[WhiteElo "2445"]
[BlackElo "2364"]
[WhiteFideId "2800055"]
[BlackFideId "2801639"]
[EventDate "2013.04.06"]

1. c4 e5 2. Nf3 e4 3. Nd4 Nc6 4. Nxc6 dxc6 5. Nc3 Nf6 6. d4 exd3 7. exd3 Be7 8.
Be2 O-O 9. d4 Be6 10. O-O Qd7 11. Be3 Rad8 12. f3 Ne8 13. Qa4 Nd6 14. d5 cxd5
15. Qxd7 Rxd7 16. cxd5 Bf5 17. Bd4 h6 18. Rfe1 a6 19. Bf1 Rfd8 20. g3 Bg6 21.
Be5 Nf5 22. Bh3 Bc5+ 23. Kh1 Re7 24. Bf4 Rde8 25. Rxe7 Rxe7 26. Ne4 Bd4 27. Rc1
Ne3 28. Bxc7 Nxd5 29. Bd6 Re8 30. Rc8 Rxc8 31. Bxc8 b6 32. Bb7 Ne3 33. b4 Nc4
34. Bc7 a5 35. bxa5 Nxa5 36. Bd5 Bf5 37. Nd2 Be6 38. Bxe6 fxe6 39. Kg2 Kf7 40.
f4 Nc6 41. Kf3 Nb4 42. Ke4 Bc3 43. Nc4 Nxa2 44. Bxb6 Bf6 45. Nd6+ Kg6 46. Kd3
Nb4+ 47. Kc4 Nc6 48. Kd3 h5 49. Ke4 Bb2 1/2-1/2

[Event "ch-ISR 2013"]
[Site "Acre ISR"]
[Date "2013.04.10"]
[Round "5.12"]
[White "Kantsler, Boris"]
[Black "Shvayger, Yuliya"]
[Result "1-0"]
[WhiteTitle "GM"]
[BlackTitle "WFM"]
[WhiteElo "2427"]
[BlackElo "2273"]
[WhiteFideId "2805359"]
[BlackFideId "14100126"]
[EventDate "2013.04.06"]

1. Nf3 Nf6 2. c4 g6 3. Nc3 d5 4. cxd5 Nxd5 5. Qa4+ c6 6. e4 Nb6 7. Qa5 Bg7 8. d4
O-O 9. Be3 f5 10. Rd1 f4 11. Bc1 Bg4 12. Be2 Bxf3 13. Bxf3 e5 14. d5 Qh4 15. Rd3
g5 16. h3 h5 17. Ne2 g4 18. g3 fxg3 19. hxg4 gxf2+ 20. Kf1 Qe7 21. Ng3 N8d7 22.
Rxh5 cxd5 23. Nf5 Rxf5 24. Rxf5 d4 25. Bd1 Nc5 26. Bg5 Qc7 27. Rh3 Qc6 28. b4
Ncd7 29. Bb3+ Nc4 30. b5 Qc5 31. Be7 Qc8 32. Qd8+ Nf8 33. Qd5+ 1-0

[Event "ch-ISR 2013"]
[Site "Acre ISR"]
[Date "2013.04.10"]
[Round "5.14"]
[White "Shachar, Ehud"]
[Black "Judkovsky, Yair"]
[Result "0-1"]
[WhiteTitle "FM"]
[WhiteElo "2357"]
[BlackElo "2355"]
[WhiteFideId "2802198"]
[BlackFideId "2804930"]
[EventDate "2013.04.06"]

1. e4 e5 2. Nf3 Nc6 3. Bb5 a6 4. Ba4 Nf6 5. O-O Be7 6. d3 b5 7. Bb3 d6 8. a3 O-O
9. Nbd2 Na5 10. Ba2 c5 11. Re1 Qc7 12. c3 Bd7 13. Nf1 c4 14. Bg5 Be6 15. Ne3
Rad8 16. dxc4 Nxc4 17. Bxc4 bxc4 18. Bxf6 Bxf6 19. Re2 Qc6 20. Qc2 Rb8 21. Rd1
Rb6 22. Nd5 Bxd5 23. Rxd5 Rfb8 24. h4 Rxb2 25. Qxb2 Rxb2 26. Rxb2 h6 27. Rb4 a5
28. Rbb5 a4 29. Rb4 Kh7 30. g3 Be7 31. Nd2 f5 32. Rxc4 Qd7 33. exf5 Qxf5 34. Re4
Qe6 35. c4 Bd8 36. Rb5 Qf7 37. Kg2 Qd7 38. Nb1 Qc6 39. Nc3 Bb6 40. Nd5 Bc5 41.
h5 Bxa3 42. Rb8 Bc5 43. Rb2 a3 44. Ra2 Qa4 45. Ree2 Qxc4 46. Red2 Bd4 47. Rxa3
Qxd5+ 48. f3 Qc4 49. Rad3 Bc5 50. Rd1 Qf7 51. g4 Qe6 52. Kh3 Qc4 53. Kg3 Qf4+
54. Kh3 Bf2 55. Kg2 Qg3+ 56. Kf1 Bc5 57. R1d2 Qg1+ 58. Ke2 Bb4 59. Rd1 Qg2+ 60.
Ke3 Bc5+ 61. Ke4 Qg3 62. Kd5 e4 0-1

[Event "ch-ISR 2013"]
[Site "Acre ISR"]
[Date "2013.04.10"]
[Round "5.15"]
[White "Birnboim, Nathan"]
[Black "Arlinsky, Uriel"]
[Result "0-1"]
[WhiteTitle "IM"]
[BlackTitle "FM"]
[WhiteElo "2370"]
[BlackElo "2318"]
[WhiteFideId "2800209"]
[BlackFideId "2809575"]
[EventDate "2013.04.06"]

1. c4 e6 2. Nf3 Nf6 3. e3 b6 4. Be2 Bb7 5. O-O c5 6. b3 Be7 7. Bb2 O-O 8. Qc2 d5
9. a3 Nc6 10. d3 a6 11. Nbd2 Qc7 12. Rac1 Rac8 13. Qb1 d4 14. exd4 cxd4 15. b4
e5 16. Rce1 Rfe8 17. Bd1 Bf8 18. Re2 g6 19. Rfe1 b5 20. Bb3 Bh6 21. Bc1 Bf4 22.
g3 Bxd2 23. Nxd2 Qd7 24. f3 Qh3 25. Qa2 Nd8 26. Rxe5 Rxe5 27. Rxe5 Ne6 28. Ne4
Bxe4 29. fxe4 Ng4 30. Rxe6 fxe6 31. c5 Rf8 32. Bxe6+ Kg7 33. Bf4 Rf6 34. Bxg4
Qxg4 35. Qd2 Qh5 36. Kg2 g5 37. Bxg5 Qf3+ 38. Kh3 Re6 39. Kh4 h6 40. Bf4 Kh7 41.
Kh3 Rg6 42. Qa2 Qg4+ 43. Kg2 Qxf4 44. Qd5 Qf6 45. e5 Qe6 46. Qb7+ Rg7 47. Qe4+
Kh8 48. Qxd4 Re7 49. Qd6 Qxe5 50. Qxh6+ Kg8 51. Qg6+ Rg7 52. Qe4 Qxe4+ 53. dxe4
Rf7 54. h4 Kg7 55. e5 Rf5 56. g4 Rxe5 57. Kf3 Re1 58. Kf4 a5 59. bxa5 Rc1 0-1

[Event "ch-ISR 2013"]
[Site "Acre ISR"]
[Date "2013.04.10"]
[Round "5.16"]
[White "Katzir, Moshe"]
[Black "Zalkind, Konstantin"]
[Result "1/2-1/2"]
[BlackTitle "FM"]
[WhiteElo "2201"]
[BlackElo "2254"]
[WhiteFideId "2802260"]
[BlackFideId "2803461"]
[EventDate "2013.04.06"]

1. e4 c6 2. d4 d5 3. e5 Bf5 4. Nf3 e6 5. Be2 Nd7 6. O-O h6 7. Nbd2 Ne7 8. Nb3
Nc8 9. a4 a5 10. Be3 Be7 11. Nfd2 Ncb6 12. g4 Bh7 13. f4 f5 14. Bd3 O-O 15. Kh1
Kh8 16. Rg1 Qe8 17. Qe2 Qf7 18. g5 h5 19. Nf3 g6 20. Qe1 Ra7 21. Nxa5 Rfa8 22.
Bd2 c5 23. dxc5 Nxc5 24. b4 Nxd3 25. cxd3 Bd8 26. Be3 Ra6 27. Nd4 Qd7 28. Qd1
Nc8 29. Bd2 Ne7 30. Nab3 b6 31. a5 R6a7 32. Qe2 Bg8 33. Rgc1 Bf7 34. Ra2 Rc7 35.
Rca1 bxa5 36. bxa5 Nc6 37. Nb5 Rcc8 38. Nd6 Rcb8 39. Nc5 Qe7 40. Nxf7+ Qxf7 41.
a6 Bb6 42. Nb7 Nd8 43. Nd6 Qd7 44. Ra4 Nf7 45. Nxf7+ Qxf7 46. Bc3 Qc7 1/2-1/2

[Event "ch-ISR 2013"]
[Site "Acre ISR"]
[Date "2013.04.11"]
[Round "6.2"]
[White "Nabaty, Tamir"]
[Black "Avrukh, Boris"]
[Result "1/2-1/2"]
[WhiteTitle "GM"]
[BlackTitle "GM"]
[WhiteElo "2564"]
[BlackElo "2572"]
[WhiteFideId "2809052"]
[BlackFideId "2803895"]
[EventDate "2013.04.06"]

1. d4 d5 2. c4 e6 3. Nc3 Be7 4. cxd5 exd5 5. Bf4 c6 6. Qc2 Bd6 7. Bxd6 Qxd6 8.
e3 Ne7 9. Bd3 b6 10. Nf3 Ba6 11. O-O Bxd3 12. Qxd3 O-O 13. e4 Nd7 14. Rfe1 dxe4
15. Nxe4 Qd5 16. Qa3 Ng6 17. Nc3 Qf5 18. Qd6 Rac8 19. d5 cxd5 20. Nxd5 Rfe8 21.
Ne3 Qe6 22. Qxe6 Rxe6 23. Nd4 Re5 24. b4 a5 25. a3 Nf4 26. g3 Ne6 27. Ndf5 Nef8
28. Nd5 Rce8 29. Rxe5 Rxe5 30. Rc1 g6 31. Nfe3 axb4 32. axb4 Kg7 33. Rc7 Re6 34.
b5 Ne5 35. Rb7 Nfd7 36. Nc7 Re7 37. Ned5 Nc5 38. Rxb6 Rd7 39. Ne8+ Kh6 40. Nef6
Ra7 41. Rb8 Ncd3 42. Rh8 g5 43. Rxh7+ Kg6 44. Rh8 g4 45. Rg8+ Kf5 46. Ne3+ Kxf6
47. Nxg4+ Nxg4 48. Rxg4 Ra1+ 49. Kg2 Ra2 50. Rd4 Rxf2+ 51. Kg1 Rd2 52. h4 Ke5
53. Rd7 f5 54. h5 Ke4 55. h6 Rd1+ 56. Kh2 Rd2+ 57. Kg1 Rd1+ 1/2-1/2

[Event "ch-ISR 2013"]
[Site "Acre ISR"]
[Date "2013.04.11"]
[Round "6.3"]
[White "Raznikov, Danny"]
[Black "Rodshtein, Maxim"]
[Result "0-1"]
[WhiteTitle "IM"]
[BlackTitle "GM"]
[WhiteElo "2488"]
[BlackElo "2639"]
[WhiteFideId "2811154"]
[BlackFideId "2806851"]
[EventDate "2013.04.06"]

1. d4 Nf6 2. c4 g6 3. Nc3 Bg7 4. e4 d6 5. Nf3 O-O 6. h3 e5 7. d5 Nh5 8. g3 f5 9.
exf5 gxf5 10. Ng5 Qe8 11. c5 Nf6 12. cxd6 cxd6 13. Bc4 Kh8 14. Qd3 Na6 15. a3
Nc5 16. Qe2 h6 17. Nf3 Bd7 18. Be3 Rc8 19. Nh4 a6 20. Ba2 e4 21. O-O Nh5 22.
Rad1 Rg8 23. Kh2 Be5 24. Bd4 f4 25. Qd2 e3 26. fxe3 Rxg3 27. Rf3 Qe7 0-1

[Event "ch-ISR 2013"]
[Site "Acre ISR"]
[Date "2013.04.11"]
[Round "6.4"]
[White "Gruenfeld, Yehuda"]
[Black "Roiz, Michael"]
[Result "1/2-1/2"]
[WhiteTitle "GM"]
[BlackTitle "GM"]
[WhiteElo "2434"]
[BlackElo "2623"]
[WhiteFideId "2800020"]
[BlackFideId "2804158"]
[EventDate "2013.04.06"]

1. e4 e5 2. Nf3 Nc6 3. Bb5 Nf6 4. d3 Bc5 5. c3 O-O 6. O-O Re8 7. Bg5 h6 8. Bh4
Bf8 9. Nbd2 d6 10. Re1 Bd7 11. Ba4 Be7 12. Nf1 Nh7 13. Bxe7 Nxe7 14. Bb3 Ng6 15.
Ng3 Ng5 16. Nf5 Qf6 17. Nxg5 hxg5 18. Qf3 Nf4 19. g3 Ne6 20. Bc2 Nf8 21. Bd1
Bxf5 22. exf5 c6 23. Qg4 d5 24. Bc2 Nd7 25. Re2 Re7 26. Rae1 Rae8 27. Kh1 Qh6
28. f4 gxf4 29. gxf4 Kf8 30. Qg5 f6 31. Qxh6 gxh6 32. Kg2 Rg7+ 33. Kf3 Ree7 34.
Rg2 Rxg2 35. Kxg2 Rg7+ 36. Kf2 Rg4 37. fxe5 fxe5 38. Re3 Rf4+ 39. Rf3 Rxf3+ 40.
Kxf3 Ke7 41. d4 Kd6 42. Ke3 c5 43. Bd1 b6 44. b3 Nf6 45. Bf3 a5 46. a3 Nd7 47.
Be2 Nf6 48. Bf3 Ng8 49. Bg4 Nf6 50. Bf3 Nd7 51. Be2 Nf6 52. Bf3 Ng8 53. Bg4 Nf6 1/2-1/2

[Event "ch-ISR 2013"]
[Site "Acre ISR"]
[Date "2013.04.11"]
[Round "6.5"]
[White "Greenfeld, Alon"]
[Black "Mikhalevski, Victor"]
[Result "0-1"]
[WhiteTitle "GM"]
[BlackTitle "GM"]
[WhiteElo "2545"]
[BlackElo "2530"]
[WhiteFideId "2800039"]
[BlackFideId "2801914"]
[EventDate "2013.04.06"]

1. Nf3 Nf6 2. c4 g6 3. Nc3 d5 4. cxd5 Nxd5 5. g3 Nxc3 6. bxc3 b6 7. Qa4+ Bd7 8.
Qc2 c5 9. h4 Bg7 10. Bg2 Bc6 11. d4 Nd7 12. h5 Rc8 13. Qb1 Qc7 14. O-O Qb7 15.
Bh3 O-O 16. Ng5 cxd4 17. cxd4 Bxd4 18. hxg6 hxg6 19. Be6 Ne5 20. Bxc8 Qxc8 21.
Bb2 Bxb2 22. Qxb2 Qf5 23. Qc1 f6 24. f4 Qg4 25. Qc3 Qh5 26. Nf3 Qh3 27. Rf2
Qxg3+ 28. Kf1 Bxf3 29. exf3 Qxf4 30. Rd1 Qh4 31. Qb3+ Kg7 32. Qe6 Re8 33. Ke2
Qb4 34. f4 Qb5+ 35. Ke3 Nc4+ 36. Kf3 Qh5+ 37. Kg3 Qxd1 38. Qxc4 Rd8 0-1